| 000 | 00958cad a22002295a 4500 | ||
|---|---|---|---|
| 001 | E148796 | ||
| 008 | 091111s2009 xxkad f s 000 0 eng d | ||
| 035 | _a(Sirsi) u148796 | ||
| 041 | _aeng | ||
| 050 | 0 | 4 | _a333.33 $2 18 |
| 110 | 2 |
_aColliers CRE _95075 |
|
| 245 | 0 | 0 |
_aReal estate investment forecasts _b3rd quarter 2009 _h[electronic resource] |
| 260 |
_aLondon _bColliers CRE _c2009 |
||
| 490 | 0 |
_aReal Estate Investment Forecasts _vThird Quarter 2009 |
|
| 520 | _aForecasts all property total returns of -7.3% in 2009. Suggests that activity is still held back by the lack of product and lack of lending. Predicts a slow recover during 2010 and early 2011. | ||
| 521 | _aAdvanced | ||
| 590 | _aKA | ||
| 651 | 4 |
_aUnited Kingdom _y |
|
| 690 | _aPROPERTY-COMMERCIAL PROPERTY-COMMERCIAL PROPERTY MARKET | ||
| 856 | 4 | 0 |
_uhttps://www.collierscre.com/marketReports/investment.aspx# _zView the report free of charge at www.collierscre.com... |
| 942 | _n0 | ||
| 999 |
_c110227 _d110227 |
||